| 000 | 00652cam a2200205 4500500 | ||
|---|---|---|---|
| 005 | 20260329010104.0 | ||
| 041 | _afre | ||
| 042 | _adc | ||
| 100 | 1 | 0 |
_aChambrun, Marius _eauthor |
| 245 | 0 | 0 | _aSéries : Maison-Blanche et machiavélisme |
| 260 | _c2022. | ||
| 500 | _a93 | ||
| 690 | _aMachiavel | ||
| 690 | _aMachiavélisme | ||
| 690 | _aPolitique | ||
| 690 | _aPouvoir | ||
| 690 | _aSérie | ||
| 786 | 0 | _nPhilosophie magazine - Hors séries | Hors-série Hiver-Pritemps 2022 | HS52 | 2022-01-01 | p. 25-25 | 2104-9246 | |
| 856 | 4 | 1 | _uhttps://shs.cairn.info/magazine-philosophie-magazine-2022-hs52-page-25?lang=fr&redirect-ssocas=7080 |
| 999 |
_c1849397 _d1849397 |
||